书目信息 |
| 题名: |
安全工程专业应用型人才培养质量评价与实践
|
|
| 作者: | 程卫民 , 刘伟韬 主编 | |
| 分册: | ||
| 出版信息: | 北京 煤炭工业出版社 2018.02 |
|
| 页数: | 228页 | |
| 开本: | 21cm | |
| 丛书名: | ||
| 单 册: | ||
| 中图分类: | X92 , D63 | |
| 科图分类: | ||
| 主题词: | 城市管理--cheng shi guan li--安全管理--风险评价--研究--中国 | |
| 电子资源: | ||
| ISBN: | 978-7-5020-6403-7 | |
| 000 | 01068nam0 2200265 450 | |
| 001 | 0100010573 | |
| 005 | 20190905093951.0 | |
| 010 | @a978-7-5020-6403-7@dCNY30.00 | |
| 100 | @a20190903d2018 em y0chiy50 ea | |
| 101 | 0 | @achi |
| 102 | @aCN@b110000 | |
| 105 | @aak a 000yy | |
| 106 | @ar | |
| 200 | 1 | @a安全工程专业应用型人才培养质量评价与实践@Aan quan gong cheng zhuan ye ying yong xing ren cai pei yang zhi liang ping jia yu shi jian@f主编程卫民, 刘伟韬 |
| 210 | @a北京@c煤炭工业出版社@d2018.02 | |
| 215 | @a228页@c图@d21cm | |
| 320 | @a有书目 (第227-228页) | |
| 330 | @a本书基于作者近年来在城市安全风险评估研究和应用方面的工作, 介绍了各类管线及其构成的综合系统运行的风险识别、风险分析和风险评价方法, 从定性和定量两个方面提供了多种具体分析技术, 并结合典型城市的具体案例进行了深入探讨。 | |
| 606 | 0 | @a城市管理@Acheng shi guan li@x安全管理@x风险评价@x研究@y中国 |
| 690 | @aX92@v5 | |
| 690 | @aD63@v5 | |
| 701 | 0 | @a程卫民@Acheng wei min@4主编 |
| 701 | 0 | @a刘伟韬@Aliu wei tao@4主编 |
| 801 | 0 | @aCN@c20190905 |
| 905 | @a河南城建学院图书馆@dX92@eC774 | |
| 安全工程专业应用型人才培养质量评价与实践/主编程卫民, 刘伟韬.-北京:煤炭工业出版社,2018.02 |
| 228页:图;21cm |
| ISBN 978-7-5020-6403-7:CNY30.00 |
| 本书基于作者近年来在城市安全风险评估研究和应用方面的工作, 介绍了各类管线及其构成的综合系统运行的风险识别、风险分析和风险评价方法, 从定性和定量两个方面提供了多种具体分析技术, 并结合典型城市的具体案例进行了深入探讨。 |
| ● |
| 相关链接 |
|
|
|
正题名:安全工程专业应用型人才培养质量评价与实践
索取号:X92/C774
 
预约/预借
| 序号 | 登录号 | 条形码 | 馆藏地/架位号 | 状态 | 备注 |
| 1 | 1438449 | 214384496 | 自科库501/501自科库 119排1列5层/ [索取号:X92/C774] | 在馆 | |
| 2 | 1438450 | 214384502 | 自科库501/501自科库 119排1列5层/ [索取号:X92/C774] | 在馆 |